00737nam a2200193 a 4500008004100000020001800041050001600059100002000075245008000095250001300175260003700188300002100225350000900246650001600255700002300271995010000294999001700394952013200411151022s2002 ||||||||||||||||| || u a9780130328779 aHF 5823 Rus aLane, W. Ronald10aKleppner's advertising procedurecBy J. Thomas Russell [and] W. Ronald Lane a15th ed. aNew Jersey:bPrentice Hallc2002 axix, 697p.: ill. a0.09 0aADVERTISING aRussell, J. Thomas FCBU-MAIN LIBRARY (Kitwe)I0.09M1UAVAILABLEWNov 16, 2015ZMain Library Open Access Collection c48656d48656 00102lcc4070a001b001cMain Library Open Access Collectiond2022-11-30l0oHF 5823 Rusp745876r2022-11-30w2022-11-30y002